For whom the bell tolls/ (Record no. 15818)
[ view plain ]
| 000 -LEADER | |
|---|---|
| fixed length control field | 01771nim a22003731 4500 |
| 005 - DATE AND TIME OF LATEST TRANSACTION | |
| control field | 20060712143733.0 |
| 008 - FIXED-LENGTH DATA ELEMENTS--GENERAL INFORMATION | |
| fixed length control field | 790912q19701979cau n | 00| f eng |
| 010 ## - LCCN (DPL NO) | |
| LC control number | B-357664 |
| 020 ## - INTERNATIONAL STANDARD BOOK NUMBER | |
| International Standard Book Number | 0099908603 |
| Terms of availability | £3.50 295.00 |
| 020 ## - INTERNATIONAL STANDARD BOOK NUMBER | |
| International Standard Book Number | 9780099908609 |
| Terms of availability | £3.50 295.00 |
| 035 ## - SYSTEM CONTROL NUMBER | |
| System control number | B-357664 |
| 037 ## - SOURCE OF ACQUISITION | |
| Source of stock number/acquisition | Super |
| 040 ## - CATALOGING SOURCE | |
| Original cataloging agency | DPL |
| Language of cataloging | English |
| 082 ## - DEWEY DECIMAL CLASSIFICATION NUMBER | |
| Classification number | N |
| 100 ## - MAIN ENTRY--PERSONAL NAME | |
| Personal name | Hemingway, Ernest |
| 245 ## - TITLE STATEMENT | |
| Title | For whom the bell tolls/ |
| Statement of responsibility, etc | by Ernest Hemingway |
| 260 ## - PUBLICATION, DISTRIBUTION, ETC. (IMPRINT) | |
| Place of publication, distribution, etc | London |
| Name of publisher, distributor, etc | Arrow Books |
| Date of publication, distribution, etc | 2004 |
| 270 ## - ADDRESS | |
| Address | 20 Vauxhall Bridge Road |
| City | London |
| Postal code | SW1V 2SA |
| 300 ## - PHYSICAL DESCRIPTION | |
| Extent | 490p. |
| Dimensions | 20 cm (pbk) |
| 500 ## - GENERAL NOTE | |
| General note | Originally broadcast as a Lux radio theater presentation. |
| 511 ## - PARTICIPANT OR PERFORMER NOTE | |
| Participant or performer note | Radio version based on the motion picture For whom the bell tolls (from the book of the same title by Ernest Hemingway); starring Gary Cooper and Ingrid Bergman. |
| 533 ## - REPRODUCTION NOTE | |
| Type of reproduction | Preservation master |
| Place of reproduction | Washington, D.C. |
| Agency responsible for reproduction | Library of Congress Magnetic Recording Laboratory. |
| Date of reproduction | 1978. |
| Physical description of reproduction | On 1 sound tape reel : analog, 7 1/2 ips, 2 track, mono. ; 10 in. |
| 590 ## - LOCAL NOTE (RLIN) | |
| Local note | 262 conversion. |
| 590 ## - LOCAL NOTE (RLIN) | |
| Local note | 305 conversion. |
| 650 ## - SUBJECT ADDED ENTRY--TOPICAL TERM | |
| Topical term or geographic name as entry element | Radio plays. |
| 651 ## - SUBJECT ADDED ENTRY--GEOGRAPHIC NAME | |
| Geographic name | Spain |
| General subdivision | History |
| Chronological subdivision | Civil War, 1936-1939 |
| General subdivision | Drama. |
| 700 ## - ADDED ENTRY--PERSONAL NAME | |
| Personal name | Cooper, Gary, |
| Dates associated with a name | 1901-1961. |
| Relator code | prf |
| 700 ## - ADDED ENTRY--PERSONAL NAME | |
| Personal name | Bergman, Ingrid, |
| Dates associated with a name | 1915-1982. . |
| Relator code | prf |
| 700 ## - ADDED ENTRY--PERSONAL NAME | |
| Personal name | Hemingway, Ernest, |
| Dates associated with a name | 1899-1961. |
| Title of a work | For whom the bell tolls. |
| 710 ## - ADDED ENTRY--CORPORATE NAME | |
| Corporate name or jurisdiction name as entry element | Lux Radio Theater. |
| 942 ## - ADDED ENTRY ELEMENTS (KOHA) | |
| Source of classification or shelving scheme | Dewey Decimal Classification |
| Item type | English Books |
| Classification part | N |
| Call number suffix | HEM |
| Withdrawn status | Lost status | Source of classification or shelving scheme | Damaged status | Not for loan | Collection code | Home library | Current library | Date acquired | Source of acquisition | Cost, normal purchase price | Total Checkouts | Total Renewals | Full call number | Barcode | Date last seen | Copy number | Cost, replacement price | Koha item type |
|---|---|---|---|---|---|---|---|---|---|---|---|---|---|---|---|---|---|---|
| Withdrawn | Dewey Decimal Classification | Fiction | Janak Puri | Janak Puri | 23/09/2009 | Super/50851/9.9.09/96/4.9.09/11.9.09 | 295.00 | 9 | 2 | N HEM | B-357664 | 26/10/2010 | 1 | 295.00 | English Books |
